[Event "Miquel Mas op 20th"]
[Site "Castell de Sant Ferran"]
[Date "2019.08.13"]
[Round "1"]
[White "Rex, Torsten Claus"]
[Black "Mallol Descarrega, Gerard"]
[Result "0-1"]
[WhiteElo "1972"]
[BlackElo "1701"]
[PlyCount "23"]
[EventDate "2019.08.13"]
[EventType "swiss"]
[EventRounds "9"]
[EventCountry "ESP"]
[SourceTitle "EXT 2020"]
[Source "ChessBase"]
[SourceDate "2019.10.17"]
[SourceVersion "1"]
[SourceVersionDate "2019.10.17"]
[SourceQuality "1"]

1. Nf3 d5 2. c4 Nf6 3. d4 e6 4. Nc3 Be7 5. Bg5 h6 6. Bxf6 Bxf6 7. e3 0-0 8. Bd3 dxc4 9. Bxc4 b6 10. Qe2 Bb7 11. 0-0 Nd7 12. Rfd1 0-1

[Event "Miquel Mas op 19th"]
[Site "Castell de Sant Ferran"]
[Date "2018.08.12"]
[Round "5"]
[White "Gac, Jean Luc"]
[Black "Mallol Descarrega, Gerard"]
[Result "1/2-1/2"]
[WhiteElo "1486"]
[BlackElo "1728"]
[PlyCount "68"]
[EventDate "2018.08.09"]
[EventType "swiss"]
[EventRounds "9"]
[EventCountry "ESP"]
[SourceTitle "CBM 186 Extra"]
[Source "ChessBase"]
[SourceDate "2018.08.24"]
[SourceVersion "1"]
[SourceVersionDate "2018.08.24"]
[SourceQuality "1"]

1. e4 e6 2. d4 d5 3. e5 c5 4. c3 Nc6 5. Nf3 Qb6 6. a3 Bd7 7. Be2 f6 8. 0-0 c4 9. Nbd2 fxe5 10. Nxe5 Nxe5 11. dxe5 Bc5 12. b4 cxb3 13. Qxb3 Ne7 14. Qxb6 Bxb6 15. Kh1 0-0 16. f4 Nf5 17. Nb3 Ba4 18. Rb1 Rac8 19. Bd2 Ne3 20. Rf3 Nc4 21. Bc1 Rf7 22. Nd4 Bxd4 23. cxd4 b5 24. Rc3 Rfc7 25. Bg4 Re7 26. f5 exf5 27. Bxf5 Rf8 28. Rf3 g6 29. Bg4 a6 30. Rxf8+ Kxf8 31. Bh6+ Ke8 32. Rf1 Rf7 33. Rxf7 Kxf7 34. Bc1 Bc2 1/2-1/2

[Event "Catalunya-ch U16"]
[Site "Girona"]
[Date "2017.01.14"]
[Round "2.1"]
[White "Mallol Descarrega, Gerard"]
[Black "Pinto Galan, Pau"]
[Result "1-0"]
[WhiteElo "1956"]
[BlackElo "1632"]
[PlyCount "37"]
[EventDate "2017.01.14"]
[EventType "swiss"]
[EventRounds "6"]
[EventCountry "ESP"]
[SourceTitle "EXT 2024"]
[Source "ChessBase"]
[SourceDate "2023.10.10"]
[SourceVersion "1"]
[SourceVersionDate "2023.10.10"]
[SourceQuality "1"]

1. e4 e5 2. Nc3 Nf6 3. f4 d6 4. Nf3 Nc6 5. Bb5 Bd7 6. 0-0 a6 7. Bxc6 Bxc6 8. fxe5 dxe5 9. Nxe5 Bc5+ 10. Kh1 Qd4 11. Nxc6 bxc6 12. d3 0-0 13. Bg5 Nd7 14. Qg4 Ne5 15. Qg3 Bd6 16. Bf6 g6 17. Qg5 Rfe8 18. Qh6 Ng4 19. Qg7# 1-0

[Event "Figueres op-B 17th"]
[Site "Figueres"]
[Date "2016.08.12"]
[Round "2"]
[White "Oliva Llorens, Antoni"]
[Black "Mallol Descarrega, Gerard"]
[Result "1-0"]
[WhiteElo "1899"]
[BlackElo "1639"]
[PlyCount "73"]
[EventDate "2016.08.11"]
[EventType "swiss"]
[EventRounds "9"]
[EventCountry "ESP"]
[SourceTitle "EXT 2017"]
[Source "ChessBase"]
[SourceDate "2016.10.25"]
[SourceVersion "1"]
[SourceVersionDate "2016.10.25"]
[SourceQuality "1"]

1. e4 e6 2. d4 d5 3. Nc3 Bb4 4. e5 c5 5. a3 Bxc3+ 6. bxc3 Ne7 7. Nf3 c4 8. h4 Bd7 9. g3 Ba4 10. Bh3 h6 11. h5 Nbc6 12. Nh4 Qa5 13. Bd2 0-0-0 14. 0-0 Kb8 15. Kh2 Rdf8 16. f4 Nd8 17. f5 Qc7 18. f6 gxf6 19. exf6 Nec6 20. Bf4 e5 21. dxe5 Ne6 22. Bxe6 fxe6 23. Ng6 Qh7 24. Rf2 Nd8 25. Nxf8 Rxf8 26. Qe2 Rg8 27. g4 Nc6 28. Rd1 b6 29. Rd2 Na5 30. Rxd5 exd5 31. e6+ Kc8 32. f7 Rf8 33. Qe5 Kb7 34. Qf6 Nc6 35. Bd6 Rg8 36. fxg8Q Qxg8 37. Qf7+ 1-0

[Event "Catalunya-ch Previa"]
[Site "Girona"]
[Date "2016.01.30"]
[Round "6.5"]
[White "Mallol Descarrega, Gerard"]
[Black "Arribas Viera, David"]
[Result "1-0"]
[WhiteElo "1932"]
[BlackElo "1932"]
[PlyCount "79"]
[EventDate "2016.01.16"]
[EventType "swiss"]
[EventRounds "5"]
[EventCountry "ESP"]
[SourceTitle "EXT 2024"]
[Source "ChessBase"]
[SourceDate "2023.10.10"]
[SourceVersion "1"]
[SourceVersionDate "2023.10.10"]
[SourceQuality "1"]

1. e4 c5 2. Nf3 e6 3. d4 cxd4 4. Nxd4 Nf6 5. Bd3 a6 6. 0-0 Qc7 7. Nc3 Nc6 8. Nb3 b5 9. Bg5 Be7 10. Bh4 Ne5 11. Bg3 d6 12. f4 Nc4 13. Bxc4 bxc4 14. Nd2 Qb6+ 15. Bf2 Qxb2 16. Bd4 Qb7 17. e5 dxe5 18. fxe5 Qd7 19. Nxc4 Nd5 20. Nxd5 Qxd5 21. Nb6 Qc6 22. Nxa8 Bb7 23. Qg4 Bxa8 24. Qxg7 Rf8 25. Rab1 Bb7 26. Qg3 Qd5 27. Rfd1 Qc6 28. Rd3 Bc5 29. Bxc5 Qxc5+ 30. Qe3 Qc6 31. Qf3 Qxf3 32. gxf3 Bd5 33. Rb8+ Ke7 34. Rxf8 Kxf8 35. Ra3 Bc4 36. f4 Ke7 37. Kf2 Kd7 38. Ke1 Kc6 39. Rh3 Bxa2 40. Rxh7 1-0

[Event "Catalunya-ch Previa"]
[Site "Girona"]
[Date "2016.01.23"]
[Round "3.1"]
[White "Rovira Vila, Jaume"]
[Black "Mallol Descarrega, Gerard"]
[Result "1-0"]
[WhiteElo "2060"]
[BlackElo "1932"]
[PlyCount "57"]
[EventDate "2016.01.16"]
[EventType "swiss"]
[EventRounds "5"]
[EventCountry "ESP"]
[SourceTitle "EXT 2024"]
[Source "ChessBase"]
[SourceDate "2023.10.10"]
[SourceVersion "1"]
[SourceVersionDate "2023.10.10"]
[SourceQuality "1"]

1. e4 e6 2. d3 d5 3. Nd2 c5 4. Ngf3 Nc6 5. g3 Nf6 6. Bg2 Be7 7. 0-0 d4 8. Re1 e5 9. Nc4 Qc7 10. a4 Be6 11. b3 0-0 12. Ng5 Bg4 13. f3 Bh5 14. h4 h6 15. Nh3 Na5 16. Bd2 Nxc4 17. bxc4 Nd7 18. Nf2 Bg6 19. Bh3 f5 20. f4 fxe4 21. Nxe4 exf4 22. Bxf4 Rxf4 23. gxf4 Bxh4 24. Rf1 Bxe4 25. dxe4 Nb6 26. a5 Nxc4 27. Be6+ Kh8 28. Bxc4 g5 29. Qh5 1-0

[Event "Figueres Nadal op 5th"]
[Site "Figueres"]
[Date "2016.01.02"]
[Round "2"]
[White "Mallol Descarrega, Gerard"]
[Black "Campos Olaya, Israel"]
[Result "0-1"]
[WhiteElo "1700"]
[BlackElo "2128"]
[PlyCount "38"]
[EventDate "2016.01.02"]
[EventType "swiss"]
[EventRounds "7"]
[EventCountry "ESP"]
[SourceTitle "EXT 2017"]
[Source "ChessBase"]
[SourceDate "2016.10.25"]
[SourceVersion "1"]
[SourceVersionDate "2016.10.25"]
[SourceQuality "1"]

1. e4 d5 2. exd5 Nf6 3. Nc3 Nxd5 4. Nf3 Bg4 5. g3 Nc6 6. Bg2 Nd4 7. h3 Bxf3 8. Bxf3 Nb4 9. Be4 f5 10. Bd3 e5 11. a3 Nxd3+ 12. cxd3 Bd6 13. 0-0 0-0 14. Ne2 f4 15. Nxd4 exd4 16. g4 f3 17. Qb3+ Kh8 18. Qxb7 Qh4 19. Qd5 Qxh3 0-1

[Event "Benidorm New Generation U14 11th"]
[Site "Benidorm"]
[Date "2015.12.07"]
[Round "6.4"]
[White "Rico Ropero, Oscar"]
[Black "Mallol Descarrega, Gerard"]
[Result "0-1"]
[WhiteElo "1589"]
[BlackElo "1619"]
[PlyCount "80"]
[EventDate "2015.12.04"]
[EventType "swiss"]
[EventRounds "7"]
[EventCountry "ESP"]
[SourceTitle "EXT 2024"]
[Source "ChessBase"]
[SourceDate "2023.10.10"]
[SourceVersion "1"]
[SourceVersionDate "2023.10.10"]
[SourceQuality "1"]

1. c4 e6 2. d4 d5 3. Nc3 Be7 4. e3 Nf6 5. cxd5 exd5 6. g3 c6 7. Bg2 0-0 8. Nge2 Bg4 9. f3 Be6 10. 0-0 Qc8 11. Nf4 Nbd7 12. e4 Nb6 13. b3 Re8 14. Re1 Bb4 15. Bb2 Qc7 16. Rc1 Rad8 17. a3 Bxc3 18. Bxc3 h6 19. a4 g5 20. Nd3 Nbd7 21. Qd2 Qb8 22. Bb4 Nh5 23. e5 Bf5 24. Nf2 Ng7 25. f4 g4 26. Qe2 h5 27. h3 Nf6 28. Qd1 Ne4 29. Nxe4 Bxe4 30. Bxe4 dxe4 31. hxg4 hxg4 32. Rxe4 Qc8 33. Bc3 f5 34. Re3 Qe6 35. Rd3 Kf7 36. b4 Rh8 37. b5 Qd5 38. bxc6 Qh1+ 39. Kf2 Rh2+ 40. Ke3 Qe4# 0-1

[Event "Benidorm New Generation U14 11th"]
[Site "Benidorm"]
[Date "2015.12.06"]
[Round "4.4"]
[White "Lopez Mijail, Nicolas"]
[Black "Mallol Descarrega, Gerard"]
[Result "1/2-1/2"]
[WhiteElo "1673"]
[BlackElo "1619"]
[PlyCount "73"]
[EventDate "2015.12.04"]
[EventType "swiss"]
[EventRounds "7"]
[EventCountry "ESP"]
[SourceTitle "EXT 2024"]
[Source "ChessBase"]
[SourceDate "2023.10.10"]
[SourceVersion "1"]
[SourceVersionDate "2023.10.10"]
[SourceQuality "1"]

1. e4 e6 2. d4 d5 3. Nd2 Nf6 4. e5 Nfd7 5. Bd3 c5 6. c3 Nc6 7. Ne2 cxd4 8. cxd4 Qb6 9. Nf3 f6 10. exf6 Nxf6 11. 0-0 Bd6 12. Re1 0-0 13. Bf4 Bxf4 14. Nxf4 Ne4 15. Bxe4 Rxf4 16. Bc2 Nxd4 17. Nxd4 Qxd4 18. Qe2 Bd7 19. Rad1 Qc4 20. Bd3 Qxa2 21. Qh5 h6 22. Rd2 Qa5 23. Rde2 Rf6 24. Rd1 Raf8 25. Rc1 Qb6 26. Qh4 Rc8 27. Rxc8+ Bxc8 28. Rc2 Bd7 29. Qg3 Bc6 30. h3 Qd8 31. Qe3 Qb6 32. Qg3 Qb4 33. Qb8+ Rf8 34. Qxa7 Qe1+ 35. Kh2 e5 36. f3 Qd1 37. Qe3 1/2-1/2

[Event "Benidorm New Generation U14 11th"]
[Site "Benidorm"]
[Date "2015.12.06"]
[Round "3.2"]
[White "Mallol Descarrega, Gerard"]
[Black "Del Noval Nemeshazi, Nesztor"]
[Result "1/2-1/2"]
[WhiteElo "1619"]
[BlackElo "1882"]
[PlyCount "47"]
[EventDate "2015.12.04"]
[EventType "swiss"]
[EventRounds "7"]
[EventCountry "ESP"]
[SourceTitle "EXT 2024"]
[Source "ChessBase"]
[SourceDate "2023.10.10"]
[SourceVersion "1"]
[SourceVersionDate "2023.10.10"]
[SourceQuality "1"]

1. e4 c5 2. Nf3 d6 3. d4 cxd4 4. Nxd4 Nf6 5. Nc3 a6 6. Be3 e6 7. Be2 b5 8. 0-0 Bb7 9. f3 Nbd7 10. Qe1 d5 11. exd5 Nxd5 12. Nxd5 Bxd5 13. Qg3 g6 14. Kh1 Bg7 15. c3 0-0 16. Nb3 Rc8 17. Rad1 Qc7 18. Qxc7 Rxc7 19. Bd4 Ne5 20. Rf2 Rfc8 21. f4 Nc4 22. Bxc4 Bxc4 23. Bxg7 Kxg7 24. Rfd2 1/2-1/2

[Event "Figueres op-B 16th"]
[Site "Figueres"]
[Date "2015.08.12"]
[Round "2"]
[White "Granados Aguilera, Cristian"]
[Black "Mallol Descarrega, Gerard"]
[Result "1-0"]
[WhiteElo "1710"]
[BlackElo "1508"]
[PlyCount "79"]
[EventDate "2015.08.11"]
[EventType "swiss"]
[EventRounds "7"]
[EventCountry "ESP"]
[SourceTitle "EXT 2016"]
[Source "ChessBase"]
[SourceDate "2015.10.08"]
[SourceVersion "1"]
[SourceVersionDate "2015.10.08"]
[SourceQuality "1"]

1. d4 e6 2. c4 d5 3. Nc3 Be7 4. Nf3 Nf6 5. cxd5 exd5 6. Bg5 h6 7. Bh4 0-0 8. e3 Bf5 9. Bd3 Bxd3 10. Qxd3 c6 11. 0-0 Nbd7 12. h3 Re8 13. Bg3 Nb6 14. Rab1 Bd6 15. Bxd6 Qxd6 16. Ne5 Nfd7 17. f4 Nxe5 18. fxe5 Qe6 19. Rf3 Nd7 20. Rbf1 f6 21. exf6 Nxf6 22. Rxf6 gxf6 23. Qg6+ Kh8 24. Qxh6+ Kg8 25. Rf3 Kf7 26. Qh7+ Kf8 27. e4 Qf7 28. Qh6+ Ke7 29. e5 Rh8 30. exf6+ Kd7 31. Qg5 Rag8 32. Qf4 Qg6 33. g4 Qg5 34. Ne2 Qg6 35. Kf2 Rf8 36. g5 Rh5 37. Qg4+ Ke8 38. Qe6+ Kd8 39. Qd6+ Kc8 40. Qxf8+ 1-0

[Event "Girona op 6th"]
[Site "Girona"]
[Date "2015.07.21"]
[Round "9"]
[White "Domenech Plana, Jaume"]
[Black "Mallol Descarrega, Gerard"]
[Result "1-0"]
[WhiteElo "2323"]
[BlackElo "1913"]
[PlyCount "59"]
[EventDate "2015.07.13"]
[EventType "swiss"]
[EventRounds "9"]
[EventCountry "ESP"]
[SourceTitle "EXT 2016"]
[Source "ChessBase"]
[SourceDate "2015.10.08"]
[SourceVersion "1"]
[SourceVersionDate "2015.10.08"]
[SourceQuality "1"]

1. e4 e6 2. d4 d5 3. e5 c5 4. c3 Nc6 5. Nf3 Qb6 6. Be2 f6 7. 0-0 cxd4 8. cxd4 fxe5 9. dxe5 Nge7 10. Nc3 Ng6 11. Re1 Bb4 12. Bd3 Nce7 13. Be3 Qa5 14. h4 Bxc3 15. bxc3 Qxc3 16. Rc1 Qa5 17. Rc5 Qxa2 18. Bb5+ Bd7 19. Bxd7+ Kxd7 20. h5 Nf8 21. Qc1 Nc6 22. Nd4 Rc8 23. Qc3 g6 24. Ra1 Qxa1+ 25. Qxa1 gxh5 26. Nxc6 bxc6 27. Ra5 Ng6 28. Rxa7+ Rc7 29. Rxc7+ Kxc7 30. Qa7+ 1-0

[Event "Llinars del Valles op-B 8th"]
[Site "Llinars del Valles"]
[Date "2014.06.21"]
[Round "8"]
[White "Alabart Paytubi, Josep"]
[Black "Mallol Descarrega, Gerard"]
[Result "1-0"]
[WhiteElo "1748"]
[BlackElo "1901"]
[PlyCount "45"]
[EventDate "2014.04.26"]
[EventType "swiss"]
[EventRounds "8"]
[EventCountry "ESP"]
[SourceTitle "EXT 2018"]
[Source "ChessBase"]
[SourceDate "2017.10.13"]
[SourceVersion "1"]
[SourceVersionDate "2017.10.13"]
[SourceQuality "1"]

1. Nf3 d5 2. c4 e6 3. b3 Nf6 4. g3 Be7 5. Bg2 Nbd7 6. Bb2 b6 7. 0-0 Bb7 8. d3 0-0 9. Nbd2 c5 10. Re1 Qc7 11. Qc2 d4 12. e3 dxe3 13. Rxe3 Rfd8 14. Ne4 Nxe4 15. dxe4 Nf6 16. e5 Ng4 17. Re2 Rd7 18. Rae1 Rad8 19. Bc1 Rd3 20. Ng5 Bxg2 21. Rd2 Rxd2 22. Qxh7+ Kf8 23. Qh8# 1-0

[Event "Llinars del Valles op-B 8th"]
[Site "Llinars del Valles"]
[Date "2014.05.17"]
[Round "4"]
[White "Mallol Descarrega, Gerard"]
[Black "Sanchez Saez, Salvador"]
[Result "1/2-1/2"]
[WhiteElo "1901"]
[BlackElo "1760"]
[PlyCount "148"]
[EventDate "2014.04.26"]
[EventType "swiss"]
[EventRounds "8"]
[EventCountry "ESP"]
[SourceTitle "EXT 2015"]
[Source "ChessBase"]
[SourceDate "2014.11.20"]
[SourceVersion "1"]
[SourceVersionDate "2014.11.20"]
[SourceQuality "1"]

1. e4 e5 2. Nc3 Nf6 3. f4 exf4 4. e5 Ng8 5. Nf3 d6 6. exd6 Bxd6 7. Bc4 Bg4 8. 0-0 Nc6 9. Qe1+ Qe7 10. d3 Bxf3 11. Qxe7+ Ngxe7 12. Rxf3 Nd4 13. Rf2 Bc5 14. Kh1 Nb3 15. Bxf7+ Kxf7 16. Rxf4+ Ke8 17. axb3 Rf8 18. Raa4 Rd8 19. Rxf8+ Kxf8 20. Nb5 c6 21. Rf4+ Kg8 22. Nc3 Ng6 23. Rf3 Re8 24. Ne4 Nh4 25. Rf1 Bb6 26. Bd2 Ng6 27. Re1 Rf8 28. Bb4 Rf4 29. g3 Rf7 30. Ng5 Rf2 31. Re8+ Nf8 32. Nxh7 Kxh7 33. Rxf8 Rxc2 34. Bc3 Rc1+ 35. Kg2 Rc2+ 36. Kf1 Rxh2 37. Rf7 Rh1+ 38. Ke2 Rh2+ 39. Kd1 Rh1+ 40. Kc2 Rh2+ 41. Kb1 Rg2 42. Rxg7+ Kh6 43. g4 Be3 44. Rxb7 Rxg4 45. d4 a5 46. Rb6 Rg6 47. Ra6 c5 48. Rxg6+ Kxg6 49. dxc5 Bxc5 50. Bxa5 Kf7 51. b4 Bg1 52. Kc2 Ke6 53. Kd3 Kd6 54. b5 Bh2 55. Kc4 Bg3 56. b4 Bh2 57. Bb6 Bg3 58. Bc5+ Kc7 59. Kb3 Kb7 60. Ka4 Bh2 61. Ka5 Bg3 62. b6 Bh2 63. Be7 Bg3 64. Bd8 Bf2 65. Kb5 Be1 66. Be7 Bf2 67. Bc5 Bg3 68. Kc4 Bh2 69. Kd5 Bg3 70. b5 Be1 71. Bd6 Bh4 72. Bc7 Be1 73. Kd6 Bh4 74. Kd7 Be1 1/2-1/2

[Event "Llinars del Valles op-B 8th"]
[Site "Llinars del Valles"]
[Date "2014.04.26"]
[Round "1"]
[White "Juanico Rull, Guillem"]
[Black "Mallol Descarrega, Gerard"]
[Result "0-1"]
[WhiteElo "1747"]
[BlackElo "1901"]
[PlyCount "134"]
[EventDate "2014.04.26"]
[EventType "swiss"]
[EventRounds "8"]
[EventCountry "ESP"]
[SourceTitle "EXT 2015"]
[Source "ChessBase"]
[SourceDate "2014.11.20"]
[SourceVersion "1"]
[SourceVersionDate "2014.11.20"]
[SourceQuality "1"]

1. d4 d5 2. e4 dxe4 3. f3 exf3 4. Nxf3 Nf6 5. Bc4 e6 6. 0-0 Be7 7. Nc3 a6 8. Re1 0-0 9. Qd3 b5 10. Bb3 c5 11. dxc5 Qxd3 12. cxd3 Bxc5+ 13. d4 Bb6 14. a3 Bb7 15. Be3 Bxf3 16. gxf3 Nc6 17. d5 Bxe3+ 18. Rxe3 Na5 19. Ba2 exd5 20. Nxd5 Nxd5 21. Bxd5 Rac8 22. b4 Nc4 23. Rc3 Nd6 24. Re3 Rfe8 25. Rae1 Rxe3 26. Rxe3 Kf8 27. Kg2 Re8 28. Rxe8+ Kxe8 29. Kf2 Ke7 30. Ke3 Kf6 31. Kd4 g5 32. Kc5 Ke5 33. Ba8 Nc4 34. Bd5 Nd6 35. Ba8 f5 36. Kb6 Nc4+ 37. Kxa6 Nxa3 38. Bc6 Kf4 39. h3 h5 40. Bxb5 Nxb5 41. Kxb5 Kxf3 42. Kc4 Kg2 43. b5 f4 44. b6 f3 45. b7 f2 46. b8Q f1Q+ 47. Kd5 Qf3+ 48. Kc4 Kxh3 49. Qc8+ Qg4+ 50. Qxg4+ hxg4 51. Kd3 g3 52. Ke2 g2 53. Kf2 Kh2 54. Kf3 g1Q 55. Ke4 Qf2 56. Ke5 Qf4+ 57. Kd5 g4 58. Ke6 Qg5 59. Kd6 Qf5 60. Kc6 Qe5 61. Kd7 Qf6 62. Kc7 Qe6 63. Kd8 Qf7 64. Kc8 g3 65. Kd8 g2 66. Kc8 g1R 67. Kd8 Rg8# 0-1

[Event "Catalunya-ch U14"]
[Site "Saragosa"]
[Date "2014.02.01"]
[Round "3.3"]
[White "Mallol Descarrega, Gerard"]
[Black "Blanch Chadli, Jacint"]
[Result "1-0"]
[WhiteElo "1901"]
[BlackElo "1862"]
[PlyCount "67"]
[EventDate "2014.01.25"]
[EventType "swiss"]
[EventRounds "8"]
[EventCountry "ESP"]
[SourceTitle "EXT 2024"]
[Source "ChessBase"]
[SourceDate "2023.10.10"]
[SourceVersion "1"]
[SourceVersionDate "2023.10.10"]
[SourceQuality "1"]

1. e4 c5 2. Nf3 d6 3. d4 cxd4 4. Nxd4 Nf6 5. Nc3 Nc6 6. Bc4 a6 7. Bb3 g6 8. Be3 Bg7 9. Nxc6 bxc6 10. f3 Bb7 11. Qd2 Qc7 12. 0-0-0 0-0 13. Bh6 c5 14. Bxg7 Kxg7 15. g4 Bc6 16. a3 Rab8 17. Rdg1 c4 18. Ba4 Bb5 19. Bxb5 axb5 20. g5 Nh5 21. Nd5 Qb7 22. c3 Rfe8 23. h4 Rh8 24. f4 Rhf8 25. Rh3 Kg8 26. Re3 Rbd8 27. f5 Qd7 28. f6 exf6 29. Nxf6+ Nxf6 30. gxf6 Rfe8 31. Rf3 Kh8 32. Qh6 Rg8 33. h5 gxh5 34. Rg7 1-0

[Event "Girona op-A 4th"]
[Site "Girona"]
[Date "2013.07.21"]
[Round "7"]
[White "Mallol Descarrega, Gerard"]
[Black "Bou Janoher, Ernest"]
[Result "0-1"]
[WhiteElo "1531"]
[BlackElo "1792"]
[PlyCount "94"]
[EventDate "2013.07.15"]
[EventType "swiss"]
[EventRounds "9"]
[EventCountry "ESP"]
[SourceTitle "CBM 155 Extra"]
[Source "ChessBase"]
[SourceDate "2013.08.26"]
[SourceVersion "1"]
[SourceVersionDate "2013.08.26"]
[SourceQuality "1"]

1. e4 c5 2. Nf3 Nc6 3. d4 cxd4 4. Nxd4 Nf6 5. Nc3 e5 6. Ndb5 d6 7. Bg5 a6 8. Na3 b5 9. Bxf6 gxf6 10. Nd5 Be6 11. c3 Bg7 12. Nc2 Bxd5 13. Qxd5 Ne7 14. Qd2 Rc8 15. Be2 0-0 16. 0-0 Rc5 17. Rad1 Rc6 18. Qe3 f5 19. exf5 Nxf5 20. Qh3 Ne7 21. Bf3 d5 22. Ne3 Rd6 23. Nf5 Nxf5 24. Qxf5 e4 25. Be2 Re8 26. f3 Re5 27. Qf4 Qe7 28. fxe4 Rxe4 29. Qg3 Rxe2 30. Rfe1 Rxe1+ 31. Rxe1 Qd7 32. Kh1 h6 33. Qh4 Re6 34. h3 Qe8 35. Rxe6 fxe6 36. Qe1 e5 37. Qd2 Qe6 38. g4 e4 39. Qe3 Qe5 40. Kg2 b4 41. Qc5 e3 42. Qc8+ Kh7 43. Qf5+ Qxf5 44. gxf5 bxc3 45. bxc3 Bxc3 46. Kf3 d4 47. f6 Kg6 0-1

[Event "Girona op-A 4th"]
[Site "Girona"]
[Date "2013.07.19"]
[Round "5"]
[White "Villa Carrillo, Julio"]
[Black "Mallol Descarrega, Gerard"]
[Result "0-1"]
[WhiteElo "1593"]
[BlackElo "1531"]
[PlyCount "60"]
[EventDate "2013.07.15"]
[EventType "swiss"]
[EventRounds "9"]
[EventCountry "ESP"]
[SourceTitle "CBM 155 Extra"]
[Source "ChessBase"]
[SourceDate "2013.08.26"]
[SourceVersion "1"]
[SourceVersionDate "2013.08.26"]
[SourceQuality "1"]

1. e4 e5 2. Nf3 Nc6 3. Bc4 Nf6 4. Nc3 Nxe4 5. Bxf7+ Kxf7 6. Nxe4 Be7 7. d3 Rf8 8. Nfg5+ Kg8 9. Qh5 Bxg5 10. Bxg5 Qe8 11. Qxe8 Rxe8 12. Be3 Nb4 13. Kd2 d5 14. Nc5 b6 15. Nb3 c5 16. a3 Nc6 17. Rae1 e4 18. Bg5 Bf5 19. dxe4 Bxe4 20. f3 Bg6 21. Rxe8+ Rxe8 22. Re1 Rxe1 23. Kxe1 Bxc2 24. Nd2 h6 25. Bf4 d4 26. Ne4 Bxe4 27. fxe4 c4 28. Bd2 b5 29. h4 a5 30. g4 b4 0-1

[Event "Girona op-A 4th"]
[Site "Girona"]
[Date "2013.07.15"]
[Round "1"]
[White "Perez Ruiz, Santiago"]
[Black "Mallol Descarrega, Gerard"]
[Result "1-0"]
[WhiteElo "1883"]
[BlackElo "1531"]
[PlyCount "41"]
[EventDate "2013.07.15"]
[EventType "swiss"]
[EventRounds "9"]
[EventCountry "ESP"]
[SourceTitle "CBM 155 Extra"]
[Source "ChessBase"]
[SourceDate "2013.08.26"]
[SourceVersion "1"]
[SourceVersionDate "2013.08.26"]
[SourceQuality "1"]

1. d4 d5 2. Nf3 Nf6 3. c4 e6 4. Bg5 Be7 5. e3 h6 6. Bh4 0-0 7. Nc3 Nbd7 8. Rc1 b6 9. cxd5 exd5 10. Bd3 c5 11. 0-0 Bb7 12. Bb1 Re8 13. Qc2 cxd4 14. Nxd4 Ne4 15. Bxe7 Qxe7 16. Rfd1 Ndf6 17. Nxe4 Qxe4 18. Qc7 Qe7 19. Qg3 Rac8 20. Nf5 Rxc1 21. Nxe7+ 1-0

[Event "Llinars del Valles op-B 7th"]
[Site "Llinars del Valles"]
[Date "2013.05.18"]
[Round "5"]
[White "Sans Font, Marc"]
[Black "Mallol Descarrega, Gerard"]
[Result "1-0"]
[WhiteElo "1648"]
[BlackElo "1519"]
[PlyCount "73"]
[EventDate "2013.04.13"]
[EventType "swiss"]
[EventRounds "7"]
[EventCountry "ESP"]
[SourceTitle "CBM 154 Extra"]
[Source "ChessBase"]
[SourceDate "2013.06.25"]
[SourceVersion "2"]
[SourceVersionDate "2013.06.25"]
[SourceQuality "1"]

1. d4 d5 2. c4 e6 3. Nf3 Nf6 4. Nc3 Be7 5. Qc2 b6 6. cxd5 Nxd5 7. Nxd5 exd5 8. e3 Ba6 9. Bxa6 Nxa6 10. Qc6+ Kf8 11. a3 h5 12. Qb7 Qc8 13. Qxd5 c6 14. Qb3 Qg4 15. Ne5 Qe6 16. Qxe6 fxe6 17. Ng6+ Kf7 18. Nxh8+ Rxh8 19. 0-0 h4 20. b4 h3 21. g3 Nc7 22. e4 Nb5 23. Bb2 Rd8 24. Rfd1 c5 25. dxc5 bxc5 26. Rxd8 Bxd8 27. bxc5 Be7 28. Rc1 g6 29. e5 Ke8 30. Rc4 Kd7 31. c6+ Kc7 32. a4 Na3 33. Bxa3 Bxa3 34. Rg4 Kxc6 35. Rxg6 Kd5 36. f4 Bc1 37. Rh6 1-0